000 00809nam a2200265Ia 4500
003 OSt
005 20221005050016.0
006 a|||||r|||| 00| 0
007 ta
008 221004b |||||||| |||| 00| 0 ben d
020 _a9788129513281 (hbk)
_c160
024 _a4079
037 _b765, 16/03/2013, Bright Book Service
_cTextual
040 _aCRL
_cCRL
_bben
041 _2ben
_aben
082 _aO157,8M87x, Q1
100 _aRoy Sukumar
_9208824
245 0 _aSukumar samgra
260 _aKolkata
_bSudhangshu Sekhar Dey Dey's Pub India
_c2011
300 _a624p.
_ccm.
650 _aBENGALI LITERATURE
700 _a Jana Sunil Ed.
_9594211
942 _hO157,8M87x, Q1
_cTEXL
_2cc
999 _c956125
_d956125